|
|
|
|
| LEADER |
00807pam a22002778a 4500 |
| 001 |
00032188 |
| 005 |
20171026081025.0 |
| 008 |
140521s1995 ||||||fresd |
| 020 |
# |
# |
|a 9782011550606
|c 205000
|
| 041 |
0 |
# |
|a fre
|
| 082 |
1 |
4 |
|a 445
|b E200S
|
| 100 |
0 |
# |
|a Capelle,Guy
|
| 245 |
0 |
0 |
|a Espaces perfectionnement 3
|c Guy Capelle,Noelle Gidon, Muriel Molinie
|b méthode de francais
|
| 260 |
# |
# |
|a Vanves
|b Hachette
|c 1995
|
| 300 |
# |
# |
|a 219 p.
|c 29 cm.
|b ill.
|
| 653 |
# |
# |
|a ngôn ngữ
|
| 653 |
# |
# |
|a tiếng pháp
|
| 653 |
# |
# |
|a tự học
|
| 700 |
1 |
# |
|a Gidon, Noelle
|
| 700 |
1 |
# |
|a Molinie, Muriel
|
| 852 |
# |
# |
|b Kho đọc
|j KD.0015868
|
| 852 |
# |
# |
|j KD.0015868
|
| 910 |
|
|
|d 21/5/2014
|
| 980 |
# |
# |
|a Trung tâm Học liệu Lê Vũ Hùng, Trường Đại học Đồng Tháp
|